LEADER 01114nam 2200373 450 001 9910821968303321 005 20230809225013.0 010 $a1-5040-4959-4 035 $a(CKB)3790000000535252 035 $a(MiAaPQ)EBC5124638 035 $a(Au-PeEL)EBL5124638 035 $a(CaPaEBR)ebr11473875 035 $a(OCoLC)1013584721 035 $a(EXLCZ)993790000000535252 100 $a20171227h20172017 uy 0 101 0 $aeng 135 $aurcnu|||||||| 181 $2rdacontent 182 $2rdamedia 183 $2rdacarrier 200 10$aDee Brown on the civil war $eGrierson's raid, the bold cavaliers, and the galvanized yankees /$fDee Brown 210 1$aNew York, New York :$cOpen Road Integrated Media Inc.,$d2017. 210 4$dİ2017 215 $a1 online resource (879 pages) 607 $aUnited States$xHistory$yCivil War, 1861-1865 676 $a341.68 700 $aBrown$b Dee$f1908-2002$0144014 801 0$bMiAaPQ 801 1$bMiAaPQ 801 2$bMiAaPQ 906 $aBOOK 912 $a9910821968303321 996 $aDee Brown on the civil war$94063010 997 $aUNINA